Loading...

World Development Report Attacking Poverty

Bibliographic Details
Format: Printed Book
Published: Oxford: Oxford University Press, 2001.
Subjects:
LEADER 00399cam a2200109ua 4500
082 |a 338.91 
245 |a World Development Report  |b Attacking Poverty 
260 |a Oxford:  |b Oxford University Press,  |c 2001. 
653 |a World Development Report 
942 |c REF 
999 |c 276183  |d 276183 
952 |0 0  |1 0  |4 0  |6 338_910000000000000_WORW  |7 0  |9 294152  |a LAW  |b LAW  |d 2020-03-04  |l 0  |o 338.91 WOR-W  |p LAW2533  |r 2020-03-04  |t 1  |w 2020-03-04  |y REF